Movies Quiz

Random Movies or Clickable Quiz

Click the Chick Flick Quiz Stats

 Plays Quiz Updated Dec 14, 2014

Also try: Chick Flick Match
Challenge
Share
Tweet
Embed
Score 0/20 Timer 04:00
6 Plays Today
% Correct
Dirty Dancing
92.4%
Pretty Woman
90%
How to Lose a Guy in 10 Days
88.5%
The Wedding Planner
87.9%
The Holiday
83.9%
Music & Lyrics
83.6%
The Proposal
81.8%
Sweet Home Alabama
79.3%
27 Dresses
78.7%
When Harry Met Sally
77.5%
% Correct
Laws of Attraction
77.3%
You've Got Mail
67.5%
Notting Hill
67%
The Notebook
65.8%
P.S. I Love You
63.7%
The Break-Up
60.6%
Definitely, Maybe
59.8%
The Wedding Date
57.3%
My Best Friend's Wedding
53.1%
Two Weeks Notice
46.3%

You're not logged in!

Compare scores with friends on all Sporcle quizzes.
OR
Log In

You Might Also Like...

Show Comments

Extras

Top Quizzes Today


Score Distribution

Your Account Isn't Verified!

In order to create a playlist on Sporcle, you need to verify the email address you used during registration. Go to your Sporcle Settings to finish the process.

Report this User

Report this user for behavior that violates our Community Guidelines.

Details: